The trustworthy leader : (Record no. 277095)
[ view plain ]
| 000 -LEADER | |
|---|---|
| fixed length control field | 02722cam a2200385 a 4500 |
| 001 - CONTROL NUMBER | |
| control field | 16931446 |
| 003 - CONTROL NUMBER IDENTIFIER | |
| control field | SISC |
| 005 - DATE AND TIME OF LATEST TRANSACTION | |
| control field | 20170124141954.0 |
| 008 - FIXED-LENGTH DATA ELEMENTS--GENERAL INFORMATION | |
| fixed length control field | 110822s2012 cau b 001 0 eng |
| 010 ## - LIBRARY OF CONGRESS CONTROL NUMBER | |
| LC control number | 2011035622 |
| 020 ## - INTERNATIONAL STANDARD BOOK NUMBER | |
| International Standard Book Number | 9780470596289 |
| 040 ## - CATALOGING SOURCE | |
| Original cataloging agency | DLC |
| Transcribing agency | DLC |
| Modifying agency | DLC |
| 042 ## - AUTHENTICATION CODE | |
| Authentication code | pcc |
| 050 00 - LIBRARY OF CONGRESS CALL NUMBER | |
| Classification number | HD 57.7 |
| Item number | .L94 2012 |
| 082 00 - DEWEY DECIMAL CLASSIFICATION NUMBER | |
| Classification number | 658.4/092 |
| 084 ## - OTHER CLASSIFICATION NUMBER | |
| Classification number | BUS071000 |
| Source of number | bisacsh |
| 100 1# - MAIN ENTRY--PERSONAL NAME | |
| Personal name | Lyman, Amy, |
| Dates associated with a name | 1956- |
| 245 14 - TITLE STATEMENT | |
| Title | The trustworthy leader : |
| Remainder of title | leveraging the power of trust to transform your organization / |
| Statement of responsibility, etc | Amy Lyman. |
| 250 ## - EDITION STATEMENT | |
| Edition statement | 1st edition. |
| 260 ## - PUBLICATION, DISTRIBUTION, ETC. (IMPRINT) | |
| Place of publication, distribution, etc | San Francisco, CA : |
| Name of publisher, distributor, etc | Jossey-Bass, |
| Date of publication, distribution, etc | 2012. |
| 300 ## - PHYSICAL DESCRIPTION | |
| Extent | xiii, 209 pages ; |
| Dimensions | 24 cm. |
| 500 ## - GENERAL NOTE | |
| General note | Includes bibliographical references and index. |
| 520 ## - SUMMARY, ETC. | |
| Summary, etc | "How leaders from the best workplaces build trust in their organizations. The Trustworthy Leader reveals the benefits organizations enjoy when trustworthy behavior is practiced consistently by their leaders. Drawing from examples from the Best Companies to Work For, Lyman, cofounder of Great Place to Work(r) Institute, explains that being trustworthy means that leaders' behaviors are rooted in their commitment to the value of trust and not simply in an imitation of the practices of others. She identifies six elements that reflect a leader's trustworthiness: honor, inclusion, engaging followers, sharing information, developing others, and moving through uncertainty to pursue opportunities. Features leaders from great companies such as REI, Wegman's, R.W. Baird, TDIndustries, and more. Based on more than 20 years of rigorous research into the value of trust in companies large and small and its link to financial and organizational performance. Published to coincide with the release of the FORTUNE 100 Best Companies to Work For(r) 2012 list. This book offers a key to developing high levels of trust, a critical endeavor in an age when seemingly every day a story of a leader's lapse in ethical behavior makes headlines"-- |
| 650 #0 - SUBJECT ADDED ENTRY--TOPICAL TERM | |
| Topical term or geographic name as entry element | Leadership. |
| 650 #0 - SUBJECT ADDED ENTRY--TOPICAL TERM | |
| Topical term or geographic name as entry element | Management. |
| 650 #0 - SUBJECT ADDED ENTRY--TOPICAL TERM | |
| Topical term or geographic name as entry element | Trust. |
| 650 #0 - SUBJECT ADDED ENTRY--TOPICAL TERM | |
| Topical term or geographic name as entry element | Organizational behavior. |
| 650 #7 - SUBJECT ADDED ENTRY--TOPICAL TERM | |
| Topical term or geographic name as entry element | BUSINESS & ECONOMICS / Leadership. |
| Source of heading or term | bisacsh |
| 856 42 - ELECTRONIC LOCATION AND ACCESS | |
| Materials specified | Publisher description |
| Uniform Resource Identifier | <a href="http://www.loc.gov/catdir/enhancements/fy1117/2011035622-d.html">http://www.loc.gov/catdir/enhancements/fy1117/2011035622-d.html</a> |
| 856 41 - ELECTRONIC LOCATION AND ACCESS | |
| Materials specified | Table of contents only |
| Uniform Resource Identifier | <a href="http://www.loc.gov/catdir/enhancements/fy1201/2011035622-t.html">http://www.loc.gov/catdir/enhancements/fy1201/2011035622-t.html</a> |
| 856 42 - ELECTRONIC LOCATION AND ACCESS | |
| Materials specified | Contributor biographical information |
| Uniform Resource Identifier | <a href="http://www.loc.gov/catdir/enhancements/fy1202/2011035622-b.html">http://www.loc.gov/catdir/enhancements/fy1202/2011035622-b.html</a> |
| 906 ## - LOCAL DATA ELEMENT F, LDF (RLIN) | |
| a | 7 |
| b | cbc |
| c | orignew |
| d | 1 |
| e | ecip |
| f | 20 |
| g | y-gencatlg |
| 942 ## - ADDED ENTRY ELEMENTS (KOHA) | |
| Source of classification or shelving scheme | Library of Congress Classification |
| Koha item type | Books |
| Call number prefix | Foreign |
| Withdrawn status | Lost status | Source of classification or shelving scheme | Damaged status | Home library | Current library | Shelving location | Date acquired | Source of acquisition | Sub Shelving location | Total Checkouts | Full call number | Barcode | Date last seen | Price effective from | Koha item type |
|---|---|---|---|---|---|---|---|---|---|---|---|---|---|---|---|
| Library of Congress Classification | College Library | College Library | Reserve Section | 01/21/2015 | Library Fund | HD 57.7 .L94 2012 | C19056 | 05/15/2018 | 01/21/2015 | Books |